Municipios con Mercadona (Castilla y León) - Estadísticas

Estadísticas generales
  • Esta prueba ha sido intentada 237 veces
    26 desde el último reinicio
  • La puntuación promedio es 18 de 25
Estadísticas de respuestas
Provincia Municipio Población % Correcto
Ávila Ávila 59.107
96%
Burgos Burgos 177.402
96%
León León 123.446
96%
Ponferrada 63.186
96%
Salamanca Salamanca 146.110
96%
Valladolid Valladolid 302.614
96%
Palencia Palencia 77.466
92%
Segovia Segovia 52.375
92%
Soria Soria 41.025
92%
Zamora Zamora 59.815
92%
Miranda de Ebro 36.622
88%
Aranda de Duero 33.956
75%
Medina del Campo 20.215
75%
Medina de Pomar 6.190
75%
Astorga 10.305
71%
Ciudad Rodrigo 11.750
71%
Benavente 17.309
67%
Béjar 11.993
58%
Santa Marta de Tormes 14.976
58%
Arroyo de la Encomienda 22.800
50%
Cuéllar 9.527
50%
La Bañeza 10.195
50%
Laguna de Duero 22.965
46%
Bembibre 8.041
29%
Aldeatejada 2.662
13%
No se encontraron pruebas coincidentes
Distribución de puntuación
Porcentaje de gente con cada puntuación
Porcentaje por número respondido
Historial de tus puntuaciones
No has intentado esta prueba desde el último reinicio